000 00669nam a2200217Ii 4500
003 JO-AjNU
008 230605s9999||||xx |||||||||||||| ||und||
017 _a2015/9/4476
020 _a978-9957-94-185-7
040 _aJO-AjNU
_bara
_erda
_cJO-AjNU
041 _aara
050 1 4 _aPJ7538.Q33 2015
100 3 _aقبيلات، نزار,
_eauthor
_961046
245 0 0 _aيحدث كثيرا
264 3 1 _aعمان: وزارة الثقافه، 2015
300 _a69ص
336 _atext
_btxt
_2rdacontent
337 _aunmediated
_bn
_2rdamedia
338 _avolume
_bnc
_2rdacarrier
650 4 _aالادب العربي- الاردن- مجموعات- قرن20
_961047
999 _aA27569
_c31137
_d31137